01784cam a2200325 a 45000010009000000050017000090080041000260100015000670200018000820200015001000400069001150820020001841000024002042450071002282460048002992460022003472600146003693000032005154900020005475000024005675040041005915050475006326500050011076500059011576530025012166550024012419420020012659990017012859520156013021727868220141209121506.0120430s2012 xxka frbf 001 0 eng d a2011410974 a9780273730002 a0273730002 aUKMGBbengcUKMGBdYDXCPdBWKdCDXdMIAdBWXdJ2HdDLCdEG-ScBUE00a332.45222bARN1 aArnold, Glen93682814aThe Financial Times guide to the financial markets /cGlen Arnold.34aFinancial Times guides :bfinancial markets30afinancial markets aHarlow, United Kingdom :bFinancial Times Prentice Hall,bPearson Education Limited,c2012e(Gosport, United Kingdom :fAshford Colour Press) ax, 564 p. :bill. ;c24 cm.0 aAlways learning aIndex : p. 557-564. aIncludes bibliographical references.0 aThe purpose of financial markets-An overview of the markets and institutions-Banking : retail and corporate-Investment banking-Other types of banking-Central banking-Pooled investment funds-Insurance-Money markets-Bond markets : governments and corporates-Bond markets : the more exotic-Equity markets-Raising share capital-Futures markets-Options and swaps-Foreign exchange markets-Hedge funds and private equity-Regulation of the financial sector-The financial crisis. 0aMoney marketvHandbooks, manuals, etc.936829 0aCorporationsxFinancevHandbooks, manuals, etc.936830 bBUSADMcDecember2014 vreading book934232 2ddck332.45 ARN c18735d18707 00102ddc40708BaccahaMAINbMAINc1STd2014-12-09epurchaseg214.00h20677l1m6o332.45 ARNp000037129r2025-07-15 00:00:00s2016-03-19v267.50yBB